000 01129nam a22004217a 4500
001 BR2013001017
003 BR-BrBNA
005 20230928104124.0
007 ta
008 230509b bl.||||| |||| 00| 0 por d
040 _aBR-BrBNA
_bpor
_cBiblioteca Nacional de Agricultura
041 _a(Por)
072 _aF30
_b0336
090 _ 0336 BR2013001017
100 1 _aCarneiro, G.E. de S.
100 1 _aPípolo, A.E.
100 1 _aMelo, C.L.P. de
100 1 _aLima, D. de
100 1 _aMiranda, L.C.
100 1 _aPetek, M.R.
100 1 _aGomide, F.B.
100 1 _aDalbosco, M.
100 1 _aDengler, R.U.
110 1 _aEMBRAPA Soja, Londrina, PR (Brasil)
245 1 _aCultivares de soja: macrorregiões 1,2 e 3 Centro-Sul do Brasil
250 1 _a1. ed.
260 3 _aLondrina, PR (Brasil):
_c2012.
300 _a59 p.
500 _a21 illus.; 19 tables
650 _aSOJA
650 _aVARIEDADE
650 _aMATURAÇÃO
650 _aÉPOCA DE SEMEADURA
650 _aPOPULAÇÃO DE PLANTA
650 _aDENSIDADE DE SEMEADURA
909 _a202309
_bLucia
_c55
_dLucia Elande
942 _cBK
999 _c78241
_d78241